| 000 | 00463nam a2200133Ia 4500 | ||
|---|---|---|---|
| 008 | 220216s9999 xx 000 0 und d | ||
| 100 | _aHuat L C | ||
| 245 | 0 | _aLand application of rubber factory effluent on oil palm and rubber | |
| 260 | _bProceedings of the International Conference on Soils and Nutrition of Perennial Crops, Kuala Lumpur, 1984; p307-317 | ||
| 650 | _aEffluent treatment | ||
| 650 | _aRubber effluent | ||
| 700 | _aChin Png Tat | ||
| 942 | _cJS | ||
| 999 |
_c61932 _d61932 |
||